[Event "It"]
[Site "masterchessopen.com - masterchessopen.com - Budapest (Hungary)"]
[Date "1973.05.02"]
[Round "1"]
[White "Portisch Ferenc (HUN)"]
[Black "Sallay Roland (HUN)"]
[Result "1-0"]
[WhiteElo "2342"]
[BlackElo "2300"]

1.d4 Nf6 2.c4 c5 3.d5 b5 4.cxb5 a6 5.e3 axb5 6.Bxb5 g6 7.Nc3 Bg7 8.a4 O-O
9.Nf3 e6 10.e4 exd5 11.e5 Ne4 12.Nxd5 d6 13.Bg5 Qa5+ 14.b4 cxb4 15.Ne7+ Kh8
16.Nxc8 dxe5 17.O-O {#r} 1-0

[Event "It"]
[Site "masterchessopen.com - masterchessopen.com - Plovdiv (Bulgaria)"]
[Round "0"]
[White "Gulko Boris F (USA)"]
[Black "Popov Luben (BUL)"]
[Result "1-0"]
[WhiteElo "2480"]
[BlackElo "2460"]

1.d4 Nf6 2.c4 c5 3.d5 b5 4.cxb5 a6 5.Nc3 { ?! } 5...Qa5 6.bxa6 g6 7.Bd2 Qb6 {
? } 8.Na4 { ! } 8...Qc7 { ? } ( 8...Qd6 9.Nxc5 Qxd5 { P } ) 9.Nxc5 { ! }
9...Nxd5 10.Rc1 Nc6 11.e4 Ndb4 12.Qa4 { ! } {#r} 1-0

[Event "It"]
[Site "masterchessopen.com - masterchessopen.com - Lanzarote (Spain)"]
[Round "1"]
[White "Haik Aldo (FRA)"]
[Black "Fraguela Gil Jose M (ESP)"]
[Result "1-0"]
[WhiteElo "2390"]
[BlackElo "2380"]

1.d4 Nf6 2.c4 c5 3.d5 b5 4.cxb5 a6 5.Nc3 axb5 6.e4 b4 7.Nb5 d6 8.Bc4 Nxe4
9.Qe2 Nf6 10.Bf4 Ra6 11.Nxd6+ Rxd6 12.Bb5+ Rd7 13.Bxb8 Nxd5 14.O-O-O Bb7
15.Nf3 Qxb8 16.Ne5 Qa8 17.Bxd7+ Kd8 18.Qb5 e6 19.Bxe6 {#r} 1-0

[Event "It (open)"]
[Site "masterchessopen.com - masterchessopen.com - Bochum (Germany)"]
[Date "1979.03.16"]
[Round "6"]
[White "Mueller Herbert (GER)"]
[Black "Schaefer Guenter (GER)"]
[Result "1-0"]
[WhiteElo "2058"]
[BlackElo "2076"]

1.d4 Nf6 2.c4 c5 3.d5 b5 4.cxb5 a6 5.Nc3 e6 6.e4 Bb7 7.Nf3 axb5 8.Bxb5 exd5
9.exd5 Qb6 10.O-O Be7 11.Re1 Kf8 12.Ne5 d6 13.Nc4 Qc7 14.Bf4 Nbd7 15.Rxe7 Kxe7
16.Bxd6+ Qxd6 17.Qe2+ {#r} 1-0

[Event "Ch World (juniors) (under 20)"]
[Site "masterchessopen.com - masterchessopen.com - Belfort (France)"]
[Round "0"]
[White "Georgiev Kiril (MKD)"]
[Black "Bareev Evgeny (RUS)"]
[Result "1-0"]
[WhiteElo "2410"]
[BlackElo "2663"]

1.d4 Nf6 2.c4 c5 3.d5 b5 4.cxb5 a6 5.e3 e6 6.Nc3 exd5 7.Nxd5 Bb7 8.Nxf6+ Qxf6
9.Nf3 Be7 10.bxa6 Bxa6 11.Bd3 Qe6 12.a4 O-O 13.O-O Bf6 14.Ra3 d5 15.Re1 Nc6
16.e4 Bxd3 17.exd5 Qxd5 18.Rxd3 Qa2 19.Rd6 Rfd8 20.Rxd8+ {#r} 1-0

[Event "It"]
[Site "masterchessopen.com - masterchessopen.com - Helsinki (Finland)"]
[Round "0"]
[White "Timoscenko Gennadij (SVK)"]
[Black "Binham Timothy F (FIN)"]
[Result "1-0"]
[WhiteElo "2475"]
[BlackElo "2370"]

1.d4 Nf6 2.c4 c5 3.d5 b5 4.cxb5 a6 5.f3 axb5 6.e4 Qa5+ 7.Bd2 Qb6 8.Nc3 b4
9.Na4 Qa5 10.Nxc5 e6 11.Nb3 Qb6 12.Qc1 Na6 13.Be3 Qb8 14.Bf4 Bd6 15.Bxd6 Qxd6
16.Qg5 exd5 17.e5 h6 18.Qxf6 {#r} 1-0

[Event "Europe Tournament (corr.)"]
[Site "masterchessopen.com - masterchessopen.com - corr."]
[Round "0"]
[White "Frieser Klaus (GER)"]
[Black "Magnusson Gylfi (ISL)"]
[Result "1-0"]
[WhiteElo "2151"]
[BlackElo "2245"]

1.d4 Nf6 2.c4 c5 3.d5 b5 4.cxb5 a6 5.Nc3 axb5 6.e4 b4 7.Nb5 d6 8.Nf3 Nbd7
9.Bf4 Nb6 10.Rc1 Ra5 11.a3 Qd7 12.Rxc5 dxc5 13.Nc7+ Kd8 14.Ne5 Qa4 15.b3 Qxa3
16.Nxf7+ Kd7 17.Bb5+ Rxb5 18.Nxb5 Qa5 19.Ne5+ {#r} 1-0

[Event "Zt (w)"]
[Site "masterchessopen.com - masterchessopen.com - Erlangen (Germany)"]
[Round "0"]
[White "Wohlers-Armas Friederike (FRA)"]
[Black "Borik Annette (GER)"]
[Result "1-0"]
[WhiteElo "2050"]
[BlackElo "2045"]

1.d4 Nf6 2.c4 c5 3.d5 b5 4.cxb5 a6 5.Nc3 axb5 6.e4 b4 7.Nb5 d6 8.Bf4 Bb7 9.Bc4
Nbd7 10.Nf3 Nb6 11.b3 g6 12.Qe2 Nh5 13.Bg5 Bg7 14.e5 dxe5 15.d6 Nf4 16.Bxf4
exf4 17.Rd1 Rc8 18.dxe7 Qxe7 19.Nd6+ Kf8 20.Qxe7+ Kxe7 21.Nxb7 {#r} 1-0

[Event "It"]
[Site "masterchessopen.com - masterchessopen.com - Ostend (Belgium)"]
[Round "4"]
[White "Fedorowicz John P (USA)"]
[Black "Knoppert Erik G J (NED)"]
[Result "1-0"]
[WhiteElo "2520"]
[BlackElo "2336"]

1.d4 Nf6 2.c4 c5 3.d5 b5 4.cxb5 a6 5.e3 e6 6.Nc3 axb5 7.Bxb5 Bb7 8.e4 Qa5
9.Ne2 Nxe4 10.O-O Nd6 11.Bd3 Be7 12.Bf4 Qb6 13.Bc2 Na6 14.Na4 Qd8 15.Nec3 Rc8
16.a3 O-O 17.Qd3 g6 18.Rad1 Nf5 19.Qb5 Bd6 20.Qxb7 Bxf4 21.Bxf5 {#r} 1-0

[Event "It (open)"]
[Site "masterchessopen.com - masterchessopen.com - Bargteheide (Germany)"]
[Round "1"]
[White "Moser Guenter (AUT)"]
[Black "Dauenheimer Torsten (GER)"]
[Result "1-0"]
[WhiteElo "2343"]
[BlackElo "2234"]

1.d4 c5 2.d5 Nf6 3.c4 b5 4.cxb5 a6 5.Nc3 Qa5 6.b6 Ne4 7.Qb3 Bb7 8.f3 Nxc3
9.bxc3 c4 10.Qxc4 Bxd5 11.Qc8# 1-0

[Event "Regionalliga NordN"]
[Site "masterchessopen.com - masterchessopen.com - Germany"]
[Round "0"]
[White "Feick Stefan (GER)"]
[Black "Sievers Stefan (GER)"]
[Result "0-1"]
[WhiteElo "2210"]
[BlackElo "2389"]

1.d4 Nf6 2.c4 c5 3.d5 b5 4.cxb5 a6 5.e3 axb5 6.Bxb5 Qa5+ 7.Nc3 Bb7 8.Ne2 Bxd5
9.O-O Bc6 10.Bd3 g6 11.e4 d6 12.f4 Nbd7 13.Qe1 Bg7 14.Qh4 O-O 15.g4 c4 16.Bc2
Qc5+ 17.Rf2 d5 18.e5 d4 19.exf6 Nxf6 20.g5 dxc3 21.Nxc3 Nh5 {#R} 0-1

[Event "Ch Great Britain"]
[Site "masterchessopen.com - masterchessopen.com - Great Britain"]
[Round "0"]
[White "Norwood David (ENG)"]
[Black "Beaumont Chris (ENG)"]
[Result "1-0"]
[WhiteElo "2470"]
[BlackElo "2278"]

1.d4 Nf6 2.c4 c5 3.d5 b5 4.cxb5 a6 5.e3 axb5 6.Bxb5 Qa5+ 7.Nc3 Ba6 8.Bxa6 Qxa6
9.Nge2 g6 10.O-O d6 11.Rb1 Bg7 12.b4 cxb4 13.Rxb4 O-O 14.e4 Rc8 15.Qb3 Nbd7
16.Be3 Ng4 17.Ra4 Qd3 {#r} 1-0

[Event "?"]
[Site "masterchessopen.com - masterchessopen.com - Guernsey & Jersey"]
[Round "0"]
[White "Von Saldern Ruediger (GER)"]
[Black "Werbeck Torsten (GER)"]
[Result "0-1"]
[WhiteElo "2010"]
[BlackElo "2149"]

1.d4 Nf6 2.c4 c5 3.d5 b5 4.cxb5 a6 5.e3 axb5 6.Bxb5 Qa5+ 7.Nc3 Bb7 8.Bc4 e6
9.Bd2 Qb4 10.b3 Qb6 11.Qf3 Na6 12.a3 Nb4 13.Rd1 Nbxd5 14.e4 Nxc3 15.Bxc3 Nxe4
16.Qd3 Bc6 17.f3 Nxc3 18.Qxc3 d5 19.Bd3 Rxa3 20.Bc2 c4 {#R} 0-1

[Event "It \"]
[Site "masterchessopen.com - masterchessopen.com - Amsterdam (Netherlands)"]
[Round "2"]
[White "Veerman Johan (NED)"]
[Black "Van Riemsdijk Herman C (BRA)"]
[Result "0-1"]
[WhiteElo "2172"]
[BlackElo "2404"]

1.d4 Nf6 2.c4 c5 3.d5 b5 4.cxb5 a6 5.e3 g6 6.Nc3 Bg7 7.Nf3 O-O 8.a4 d6 9.Bd2
Bb7 10.Bc4 axb5 11.axb5 Nbd7 12.O-O Rxa1 13.Qxa1 Nb6 14.Qa2 Qa8 15.e4 Nxe4
16.Rd1 Nxc3 17.Bxc3 Bxc3 18.bxc3 Qxa2 19.Bxa2 Ra8 20.Bb3 c4 {#R} 0-1

[Event "It (open)"]
[Site "masterchessopen.com - masterchessopen.com - Belfort (France)"]
[Round "1"]
[White "Thorsteins Karl (ISL)"]
[Black "Adrian Claude (FRA)"]
[Result "1-0"]
[WhiteElo "2445"]
[BlackElo "2250"]

1.d4 Nf6 2.c4 c5 3.d5 b5 4.cxb5 a6 5.e3 g6 6.Nc3 Bg7 7.Nf3 O-O 8.a4 Bb7 9.Ra3
e6 10.dxe6 fxe6 11.Qd6 Qc8 12.Be2 Ne8 13.Qg3 d5 14.Ng5 h6 15.Nf3 d4 16.Na2 Be4
17.exd4 cxd4 18.O-O Nd7 19.Qh4 Qc2 20.Bd1 Qb1 21.Nd2 {#r} 1-0

[Event "It (open) (2)"]
[Site "masterchessopen.com - masterchessopen.com - Canary Islands (Spain)"]
[Round "0"]
[White "Leon Varela Luis (ESP)"]
[Black "Perera Pablo (ESP)"]
[Result "0-1"]
[WhiteElo "2158"]
[BlackElo "2210"]

1.d4 Nf6 2.c4 c5 3.d5 b5 4.cxb5 a6 5.Nc3 axb5 6.Nxb5 Qa5+ 7.Nc3 Bb7 8.Bd2 Qb6
9.e4 e6 10.Bc4 Nxe4 11.Nge2 Nf6 12.Bf4 Qb4 13.Qd3 exd5 14.Qe3+ Kd8 15.Bb5 d4
16.Qg3 dxc3 17.Nxc3 Ne4 18.Bc7+ Kc8 19.Qe5 Nxc3 {#R} 0-1

[Event "It (open)"]
[Site "masterchessopen.com - masterchessopen.com - Kehl (Germany)"]
[Round "6"]
[White "Steinmacher Josef (GER)"]
[Black "Schmidt Stefan (GER)"]
[Result "0-1"]
[WhiteElo "2007"]
[BlackElo "2106"]

1.d4 Nf6 2.c4 c5 3.d5 b5 4.cxb5 a6 5.Nc3 axb5 6.e4 b4 7.Nb5 d6 8.Bf4 g6 9.Bg5
Nxe4 10.Bf4 Ra6 11.Bc4 Bg7 12.Qe2 Nf6 13.Nf3 O-O 14.O-O Ra5 15.a4 Nbd7 16.b3
Nb6 17.Rfd1 Bb7 18.Ng5 Bxd5 {#R} 0-1

[Event "It (matches)"]
[Site "masterchessopen.com - masterchessopen.com - New York (USA)"]
[Round "0"]
[White "Zaltsman Vitaly F (USA)"]
[Black "Fedorowicz John P (USA)"]
[Result "0-1"]
[WhiteElo "2420"]
[BlackElo "2535"]

1.d4 Nf6 2.c4 c5 3.d5 b5 4.cxb5 a6 5.f3 g6 6.e4 d6 7.Na3 Bg7 8.Ne2 O-O 9.Nc3
Ne8 10.Be2 axb5 11.Naxb5 Na6 12.O-O Nac7 13.Bg5 Nxb5 14.Bxb5 Rb8 15.a4 Nc7
16.Qe2 Bd7 17.f4 Qe8 18.Bc4 e6 19.dxe6 Bxe6 {#R} 0-1

[Event "It (open)"]
[Site "masterchessopen.com - masterchessopen.com - Uzes (France)"]
[Round "0"]
[White "Gomez J (NCA)"]
[Black "Verdier Patrice (FRA)"]
[Result "0-1"]
[WhiteElo "2143"]
[BlackElo "2245"]

1.d4 Nf6 2.c4 c5 3.d5 b5 4.cxb5 a6 5.Nc3 axb5 6.Nxb5 Qa5+ 7.Nc3 g6 8.Bd2 Qb6
9.e4 d6 10.f4 Bg7 11.Bb5+ Bd7 12.Bxd7+ Nbxd7 13.Nge2 c4 14.Na4 Qa7 15.Nec3
Nxe4 16.Nxe4 Qxa4 17.Nxd6+ exd6 {#R} 0-1

[Event "It (open)"]
[Site "masterchessopen.com - masterchessopen.com - Aosta (Italy)"]
[Round "0"]
[White "Tocchioni Doriano (ITA)"]
[Black "Manca Federico (ITA)"]
[Result "0-1"]
[WhiteElo "2237"]
[BlackElo "2401"]

1.d4 Nf6 2.c4 c5 3.d5 b5 4.cxb5 a6 5.Nc3 axb5 6.e4 b4 7.Nb5 d6 8.Bf4 g5 9.e5
gxf4 10.exf6 Nd7 11.fxe7 Qxe7+ 12.Be2 Ne5 13.Kf1 Bg7 14.Qd2 O-O 15.h4 Ba6
16.a4 bxa3 17.Nxa3 Rfb8 18.Re1 Qb7 19.Rh3 Qxb2 20.Qxf4 Bxe2+ 21.Rxe2 Rxa3 {#R}
0-1

[Event "It (open) \"]
[Site "masterchessopen.com - masterchessopen.com - Chicago (USA)"]
[Round "4"]
[White "Dlugy Maxim (USA)"]
[Black "Holliman Bob (USA)"]
[Result "1-0"]
[WhiteElo "2525"]
[BlackElo "2059"]

1.d4 Nf6 2.c4 c5 3.d5 b5 4.cxb5 a6 5.f3 d6 6.e4 g6 7.Na3 Bg7 8.Ne2 O-O 9.Nc3
Nbd7 10.Be2 Nb6 11.Bg5 Bb7 12.O-O Qb8 13.Qd2 Re8 14.Rfd1 Nfd7 15.Kh1 Ra7
16.Rab1 Qa8 17.b3 e6 18.dxe6 fxe6 19.bxa6 Bxa6 20.Bxa6 Rxa6 21.Nab5 {#r} 1-0

[Event "Bundesliga 1990/91"]
[Site "masterchessopen.com - masterchessopen.com - Germany"]
[Round "0"]
[White "Wandel Bernd (GER)"]
[Black "Sievers Stefan (GER)"]
[Result "0-1"]
[WhiteElo "2146"]
[BlackElo "2389"]

1.d4 Nf6 2.c4 c5 3.d5 b5 4.cxb5 a6 5.Nc3 axb5 6.e4 Qa5 7.e5 b4 8.Nb5 Ne4 9.Bc4
Ba6 10.Qd3 b3+ 11.Kf1 Bxb5 12.Bxb5 Qxa2 13.Rb1 f5 14.Ne2 c4 15.Qxc4 Qxb1
16.Qc8+ Kf7 17.f3 Qc2 18.e6+ Kf6 19.exd7 Qd1# 0-1

[Event "Regionalliga North North"]
[Site "masterchessopen.com - masterchessopen.com - Germany"]
[Round "0"]
[White "Feick Stefan (GER)"]
[Black "Vetemaa Juri (EST)"]
[Result "0-1"]
[WhiteElo "2210"]
[BlackElo "2288"]

1.d4 Nf6 2.c4 c5 3.d5 b5 4.cxb5 a6 5.e3 Bb7 6.Nc3 e6 7.dxe6 fxe6 8.bxa6 Nxa6
9.Nf3 Be7 10.Bd3 O-O 11.e4 Nb4 12.e5 Nxd3+ 13.Qxd3 Ng4 14.h3 Rxf3 15.gxf3 Nxe5
16.Qe3 Nxf3+ 17.Kd1 Ra6 18.Rf1 Qe8 {#R} 0-1

[Event "It (open)"]
[Site "masterchessopen.com - masterchessopen.com - Giessen (Germany)"]
[Round "0"]
[White "Domanski Markus (GER)"]
[Black "Schlesinger Omri (GER)"]
[Result "0-1"]
[WhiteElo "2066"]
[BlackElo "2237"]

1.d4 Nf6 2.c4 c5 3.d5 b5 4.cxb5 a6 5.e3 axb5 6.Bxb5 Qa5+ 7.Nc3 Bb7 8.Bd2 Qb6
9.Bc4 e6 10.Bc1 Qb4 11.Qb3 exd5 {#R} 0-1

[Event "It (open)"]
[Site "masterchessopen.com - masterchessopen.com - Hastings (England)"]
[Round "0"]
[White "Timoscenko Gennadij (SVK)"]
[Black "Roder Peter (DEN)"]
[Result "1-0"]
[WhiteElo "2483"]
[BlackElo "2102"]

1.d4 Nf6 2.c4 c5 3.d5 b5 4.cxb5 a6 5.Nc3 axb5 6.e4 b4 7.Nb5 d6 8.Bf4 Nbd7
9.Nf3 Nb6 10.Rc1 Bb7 11.Rxc5 Rc8 12.Rxc8 Qxc8 13.Qd4 Nfd7 14.Qxb4 Qc2 15.Nc3
g6 16.Nd4 {#r} 1-0

[Event "Ch Sweden"]
[Site "masterchessopen.com - masterchessopen.com - Helsingborg (Sweden)"]
[Round "0"]
[White "Wiedenkeller Michael (SWE)"]
[Black "Ornstein Axel (SWE)"]
[Result "1-0"]
[WhiteElo "2473"]
[BlackElo "2413"]

1.d4 Nf6 2.c4 c5 3.d5 b5 4.cxb5 a6 5.e3 axb5 6.Bxb5 Qa5+ 7.Nc3 Bb7 8.Ne2 Nxd5
9.O-O Nxc3 10.Nxc3 g6 11.a4 Bg7 12.e4 O-O 13.Bg5 Qd8 14.Nd5 f6 15.Bf4 Na6
16.Bxd7 Kh8 17.Be6 Qe8 18.Qb3 Qc6 19.Nxe7 Qxe4 20.Nxg6+ {#r} 1-0

[Event "It (open) \"]
[Site "masterchessopen.com - masterchessopen.com - London (England)"]
[Round "0"]
[White "Timoscenko Gennadij (SVK)"]
[Black "Babar Frank (GER)"]
[Result "1-0"]
[WhiteElo "2483"]
[BlackElo "2232"]

1.d4 c5 2.d5 Nf6 3.c4 b5 4.cxb5 a6 5.Nc3 g6 6.e4 Qa5 7.e5 Ne4 8.Qa4 Qxa4
9.Nxa4 axb5 10.Nb6 Ra6 11.Nxc8 c4 12.Be3 d6 13.Na7 Ra5 14.b4 Rxa7 15.Bxa7 Nd7
16.a4 dxe5 17.axb5 Bh6 18.Nf3 {#r} 1-0

[Event "It (open)"]
[Site "masterchessopen.com - masterchessopen.com - Mexico"]
[Round "0"]
[White "Fedorowicz John P (USA)"]
[Black "Ocampo Raul (MEX)"]
[Result "1-0"]
[WhiteElo "2525"]
[BlackElo "2260"]

1.d4 Nf6 2.c4 c5 3.d5 b5 4.cxb5 a6 5.b6 Bb7 6.Nc3 e6 7.e4 Qxb6 8.Nf3 Be7 9.Ne5
Qc7 10.Nc4 Nxe4 11.Nxe4 exd5 12.Qg4 dxe4 13.Bf4 Qc6 14.Qxg7 Rf8 15.Qg3 d5
16.Nd6+ Kd7 17.Nxb7 Qxb7 18.O-O-O d4 19.f3 {#r} 1-0

[Event "It"]
[Site "masterchessopen.com - masterchessopen.com - Kecskemet (Hungary)"]
[Round "2"]
[White "Schipkov Boris (RUS)"]
[Black "Sawadkuhi Massoud Amir (IRI)"]
[Result "1-0"]
[WhiteElo "2330"]
[BlackElo "2164"]

1.d4 Nf6 2.c4 c5 3.d5 b5 4.cxb5 a6 5.b6 e6 6.Nc3 Nxd5 7.Nxd5 exd5 8.Qxd5 Nc6
9.Nf3 Qxb6 10.Ne5 Nd8 11.Qxa8 Bb7 12.Qb8 d6 13.Nc4 Qb4+ 14.Nd2 Be7 15.a3 Qa5
16.e3 O-O 17.Be2 Bxg2 18.Rg1 Ne6 19.Qa7 {#r} 1-0

[Event "It (open)"]
[Site "masterchessopen.com - masterchessopen.com - Albacete (Spain)"]
[Round "8"]
[White "Komljenovic Davor (CRO)"]
[Black "Garcia Fernandez Carlos (ESP)"]
[Result "1-0"]
[WhiteElo "2495"]
[BlackElo "2374"]

1.d4 Nf6 2.c4 c5 3.d5 b5 4.cxb5 a6 5.e3 axb5 6.Bxb5 Qa5+ 7.Nc3 Bb7 8.e4 Nxe4
9.Ne2 g6 10.O-O Nxc3 11.Nxc3 Bg7 12.Qe2 O-O 13.Qxe7 Ra7 14.Bf4 Bxd5 15.Qxc5
Bc6 16.a4 Bxb5 17.Nxb5 Rb7 18.b4 Qa6 19.Nd6 {#r} 1-0

[Event "It (open)"]
[Site "masterchessopen.com - masterchessopen.com - Bozen (Italy)"]
[Round "0"]
[White "Schacher Gerd (ITA)"]
[Black "Kennaugh Charles (ENG)"]
[Result "0-1"]
[WhiteElo "2340"]
[BlackElo "2251"]

1.d4 Nf6 2.c4 c5 3.d5 b5 4.cxb5 a6 5.Nc3 axb5 6.e4 b4 7.Nb5 d6 8.Bc4 Nbd7
9.Bf4 g6 10.Nf3 Bg7 11.Bxd6 exd6 12.Nxd6+ Kf8 13.Nxf7 Qe7 14.N3g5 Nxe4 15.O-O
Nxg5 16.d6 Qxf7 17.Bxf7 Nxf7 18.Qe2 Be5 19.Rfd1 Kg7 20.Qe4 Ba6 {#R} 0-1

[Event "It (open)"]
[Site "masterchessopen.com - masterchessopen.com - Cannes (France)"]
[Round "0"]
[White "Portisch Lajos (HUN)"]
[Black "Plachetka Jan (SVK)"]
[Result "1-0"]
[WhiteElo "2595"]
[BlackElo "2475"]

1.d4 Nf6 2.c4 c5 3.d5 b5 4.cxb5 a6 5.b6 d6 6.Nc3 Nbd7 7.a4 Qxb6 8.a5 Qb4 9.Nf3
g6 10.Nd2 Bg7 11.e4 O-O 12.Be2 Ne8 13.Ra3 Nc7 14.Rb3 Qd4 15.Qc2 Ne5 16.O-O e6
17.Rd1 Nb5 18.Ndb1 c4 19.Rxb5 axb5 20.Rxd4 {#r} 1-0

[Event "It (sheveningen)"]
[Site "masterchessopen.com - masterchessopen.com - Chania (Greece)"]
[Round "0"]
[White "Konstandinidis Hristos (GRE)"]
[Black "Andrianov Nikolai (RUS)"]
[Result "0-1"]
[WhiteElo "2079"]
[BlackElo "2412"]

1.d4 Nf6 2.c4 c5 3.d5 b5 4.cxb5 a6 5.b6 e6 6.Nc3 Nxd5 7.Nxd5 exd5 8.Qxd5 Nc6
9.e3 Be7 10.Nf3 O-O 11.Be2 Rb8 12.O-O Rxb6 13.Rd1 Nb4 14.Qe4 d5 15.Qf4 Rf6
16.Qe5 d4 17.exd4 Re6 18.dxc5 Rxe5 19.Rxd8 Rxe2 20.Rxf8+ Kxf8 21.a3 Nc2 {#R}
0-1

[Event "Ch Europe (team)"]
[Site "masterchessopen.com - masterchessopen.com - Debrecen (Hungary)"]
[Round "0"]
[White "James Dale R (ENG)"]
[Black "Korchnoi Viktor (SUI)"]
[Result "0-1"]
[WhiteElo "2300"]
[BlackElo "2575"]

1.d4 Nf6 2.c4 c5 3.d5 b5 4.cxb5 a6 5.b6 Qxb6 6.Nc3 d6 7.e4 g6 8.Bc4 Bg7 9.a4
Qb4 10.Qb3 Nbd7 11.Qxb4 cxb4 12.Na2 Nxe4 13.Nxb4 Nb6 14.Bb3 Nc5 15.Bc2 Bb7
{#R} 0-1

[Event "Ch World (juniors) (under 18)"]
[Site "masterchessopen.com - masterchessopen.com - Duisburg (Germany)"]
[Round "0"]
[White "David Edwin (NOR)"]
[Black "Votava Jan (CZE)"]
[Result "0-1"]
[WhiteElo "2261"]
[BlackElo "2538"]

1.d4 Nf6 2.c4 c5 3.d5 b5 4.cxb5 a6 5.Nc3 axb5 6.e4 b4 7.Nb5 d6 8.Bc4 Nbd7
9.Nf3 Nb6 10.Bd3 g6 11.Nd2 Bg7 12.a4 Bd7 13.Qe2 O-O 14.Ra2 c4 {#R} 0-1

[Event "Ch France (team)"]
[Site "masterchessopen.com - masterchessopen.com - France"]
[Round "0"]
[White "Flear Glenn C (ENG)"]
[Black "Stromer Alexander (GER)"]
[Result "1-0"]
[WhiteElo "2505"]
[BlackElo "2240"]

1.d4 Nf6 2.c4 c5 3.d5 b5 4.cxb5 a6 5.e3 e6 6.dxe6 fxe6 7.Nf3 Be7 8.Bd3 axb5
9.Bxb5 Qa5+ 10.Nc3 Nd5 11.a4 Nxc3 12.bxc3 Ba6 13.Bb2 O-O 14.O-O d5 15.c4 dxc4
16.Qc2 Qb6 17.Qxc4 Nd7 18.Rfd1 Nf6 19.Ng5 Ng4 20.Qxg4 {#r} 1-0

[Event "It (open)"]
[Site "masterchessopen.com - masterchessopen.com - Lenk (Switzerland)"]
[Round "0"]
[White "Schweizer Wolfgang"]
[Black "Kaenel Hansjuerg (SUI)"]
[Result "0-1"]
[WhiteElo "2025"]
[BlackElo "2355"]

1.d4 Nf6 2.c4 c5 3.d5 b5 4.cxb5 a6 5.b6 d6 6.Nc3 Nbd7 7.e4 g6 8.Nf3 Bg7 9.g3
O-O 10.Bg2 Rb8 11.O-O Rxb6 12.a4 Rb4 13.Nd2 Ne5 14.Qe2 Qb6 15.a5 Qa7 16.h3 Bd7
17.f4 Nd3 18.Nc4 Nxc1 19.Raxc1 Bb5 {#R} 0-1

[Event "Olympiad"]
[Site "masterchessopen.com - masterchessopen.com - Manila (Philippines)"]
[Round "5"]
[White "De Villiers Charles (RSA)"]
[Black "Jackson R (ISV)"]
[Result "1-0"]
[WhiteElo "2255"]
[BlackElo "2188"]

1.d4 Nf6 2.c4 c5 3.d5 b5 4.cxb5 a6 5.b6 d6 6.Nc3 Nbd7 7.e4 g6 8.a4 a5 9.f4 Bg7
10.Nf3 O-O 11.Bb5 Nxb6 12.O-O e6 13.dxe6 Bxe6 14.Qd3 d5 15.f5 dxe4 16.Qxd8
Raxd8 17.fxe6 exf3 18.e7 {#r} 1-0

[Event "?"]
[Site "masterchessopen.com - masterchessopen.com - Milan (Italy)"]
[Round "0"]
[White "Amedeo Riccardo (ITA)"]
[Black "Arboscelli Gregorio (ITA)"]
[Result "1-0"]
[WhiteElo "1937"]
[BlackElo "1907"]

1.d4 Nf6 2.c4 c5 3.d5 b5 4.cxb5 a6 5.b6 Qxb6 6.Nc3 d6 7.e4 Nbd7 8.Nf3 a5 9.Nd2
Ba6 10.Nc4 Bxc4 11.Bxc4 Nxe4 12.Bb5 Nxc3 13.Bxd7+ Kxd7 14.bxc3 c4 15.Qg4+ e6
16.Qf3 Re8 17.Be3 exd5 18.Qxf7+ {#r} 1-0

[Event "It (open)"]
[Site "masterchessopen.com - masterchessopen.com - Pirmasens (Germany)"]
[Round "0"]
[White "Kubitzek W"]
[Black "Matriciani Ruediger (GER)"]
[Result "1-0"]
[WhiteElo "2070"]
[BlackElo "1987"]

1.d4 Nf6 2.c4 c5 3.d5 b5 4.cxb5 a6 5.Nc3 g6 6.g3 d6 7.Bg2 Bg7 8.Nf3 O-O 9.O-O
Qa5 10.bxa6 Bxa6 11.Qc2 Nbd7 12.Rb1 Rfb8 13.b3 c4 14.Bd2 cxb3 15.axb3 Rc8
16.b4 Qc7 17.b5 Bb7 18.e4 Nxd5 19.exd5 Bxc3 20.Rfc1 Qa5 {#r} 1-0

[Event "Ch Poland (w)"]
[Site "masterchessopen.com - masterchessopen.com - Swieradow (Poland)"]
[Round "12"]
[White "Lissowska Anna (POL)"]
[Black "Wiliczkiewicz Iwona (POL)"]
[Result "1-0"]
[WhiteElo "2185"]
[BlackElo "2046"]

1.d4 Nf6 2.c4 c5 3.d5 b5 4.cxb5 a6 5.f3 e6 6.e4 exd5 7.e5 Qe7 8.Qe2 Ng8 9.Nc3
Bb7 10.Nh3 d4 11.Ne4 Bxe4 12.Qxe4 d5 13.Qxd5 Ra7 14.bxa6 Nd7 15.Bb5 Qd8 16.O-O
Qb6 17.Qb3 Qd8 18.Ng5 Nh6 19.e6 fxe6 20.Re1 {#r} 1-0

[Event "Tournament (2)"]
[Site "masterchessopen.com - masterchessopen.com - Aarhus (Denmark)"]
[Round "1"]
[White "Hansen Bjarne (DEN)"]
[Black "Sobjerg Erik (DEN)"]
[Result "0-1"]
[WhiteElo "2235"]
[BlackElo "2285"]

1.d4 Nf6 2.c4 c5 3.d5 b5 4.cxb5 a6 5.e3 e6 6.Nc3 exd5 7.Nxd5 Bb7 8.Nxf6+ Qxf6
9.Bd2 Qxb2 10.Rc1 axb5 11.Bc3 Qxa2 12.Nf3 b4 13.Ne5 bxc3 14.Bc4 Qd2+ {#R} 0-1